Sun Belt Football Champions of the Century - Statistics

General Stats
  • This quiz has been taken 11 times
  • The average score is 17 of 24
Answer Stats
Year Champion % Correct
2019 Appalachian State
90%
2020 Coastal Carolina/Louisiana
90%
2021 Louisiana
90%
2023 Troy
90%
2022 Troy
90%
2018 Appalachian State
80%
2016 Appalachian State/Arkansas State
80%
2017 Appalachian State/Troy
80%
2015 Arkansas State
80%
2012 Arkansas State
70%
2011 Arkansas State
70%
2013 Arkansas State/Louisiana
70%
2005 Arkansas State/Louisiana/Louisiana-Monroe
70%
2010 FIU/Troy
70%
2007 Florida Atlantic/Troy
70%
2006 Middle Tennessee/Troy
70%
2009 Troy
70%
2008 Troy
70%
2024 Marshall
60%
2001 Middle Tennessee/North Texas
60%
2004 North Texas
50%
2003 North Texas
50%
2002 North Texas
50%
2014 Georgia Southern
40%
No matching quizzes found
Score Distribution
Percent of People with Each Score
Percentile by Number Answered
Your Score History
You have not taken this quiz